Guess the Gods by Image - Statistics

General Stats
  • This quiz has been taken 53 times
  • The average score is 11 of 16
Answer Stats
Picture Hint Answer % Correct
Norse Thor
100%
Ancient Greek Zeus
98%
Norse Odin
94%
Ancient Greek Poseidon
92%
Norse Loki
90%
Ancient Greek Athena
86%
Ancient Egyptian Ra
82%
Ancient Egyptian Anubis
78%
Ancient Greek Hades
73%
Ancient Greek Artemis
63%
Hindu Shiva
63%
Hindu Vishnu
59%
Hindu Ganesh
55%
Ancient Egyptian Horus
43%
Ancient Egyptian Isis
41%
Aztec Quetzalcoatl
29%
No matching quizzes found
Score Distribution
Percent of People with Each Score
Percentile by Number Answered
Your Score History
You have not taken this quiz